[Event "Cracovia 2009"]
[Site "Krakow"]
[Date "2009.12.28"]
[Round "2.19"]
[White "Bronowicki, Mateusz"]
[Black "Mucha, Roman"]
[Result "1/2-1/2"]
[WhiteElo "2366"]
[BlackElo "2185"]
[PlyCount "68"]
[EventDate "2009.??.??"]

1. d4 Nf6 2. c4 g6 3. Nc3 Bg7 4. e4 d6 5. Nf3 O-O 6. Be2 e5 7. d5 a5 8. h3 Na6
9. Bg5 h6 10. Be3 Nc5 11. Nd2 Ne8 12. g4 f5 13. exf5 gxf5 14. Rg1 Kh8 15. Qc2
e4 16. g5 hxg5 17. Rxg5 Nf6 18. Rg2 Nh7 19. O-O-O Bd7 20. f3 Qe7 21. fxe4 f4
22. Bxc5 dxc5 23. Bg4 Bxg4 24. Rxg4 f3 25. Rf1 Ra6 26. Rxf3 Rxf3 27. Nxf3 Rf6
28. Qg2 Qf8 29. Rg3 Bh6+ 30. Kb1 Ng5 31. Nxg5 Rf2 32. Rf3 Rxg2 33. Rxf8+ Bxf8
34. Nf7+ Kg8 1/2-1/2

[Event "Cracovia 2009"]
[Site "Krakow"]
[Date "2009.12.28"]
[Round "2.20"]
[White "Nguyen, Piotr"]
[Black "Watorek, Marcin"]
[Result "1/2-1/2"]
[WhiteElo "2353"]
[BlackElo "2133"]
[PlyCount "83"]
[EventDate "2009.??.??"]

1. e4 c5 2. d3 e6 3. g3 Nc6 4. Bg2 d5 5. Nd2 Nf6 6. Ngf3 Be7 7. O-O O-O 8. Re1
Qc7 9. c3 Rd8 10. e5 Nd7 11. Qe2 b5 12. Nf1 b4 13. h4 bxc3 14. bxc3 Ba6 15.
N1h2 Rab8 16. Bf4 Qa5 17. Rac1 Qa3 18. Rc2 Rb6 19. Ng4 Rdb8 20. Ng5 Rb2 21. Bc1
Rxc2 22. Qxc2 Qa5 23. f4 h6 24. Nf3 d4 25. Nd2 dxc3 26. Bxc6 cxd2 27. Bxd2 Qc7
28. Be4 Bb7 29. Nf2 Bxe4 30. Nxe4 Qb6 31. Be3 Qa5 32. Re2 Qa3 33. Kg2 Rc8 34.
Qc3 Qxc3 35. Nxc3 c4 36. dxc4 Rxc4 37. Nd1 a6 38. Rd2 Nc5 39. Bxc5 Bxc5 40. Nb2
Rc1 41. Nd3 Rc3 42. Nxc5 1/2-1/2

[Event "Cracovia 2009"]
[Site "Krakow"]
[Date "2009.12.28"]
[Round "2.21"]
[White "Gumula, Daniel"]
[Black "Rago, Riccardo"]
[Result "1-0"]
[WhiteElo "2312"]
[BlackElo "2105"]
[PlyCount "49"]
[EventDate "2009.??.??"]

1. e4 c5 2. Nf3 Nc6 3. Bb5 g6 4. Bxc6 dxc6 5. h3 Bg7 6. d3 e5 7. Nc3 f6 8. Be3
b6 9. Nd2 Nh6 10. f4 Nf7 11. O-O exf4 12. Bxf4 O-O 13. Kh1 Be6 14. Qe1 Qd7 15.
Qg3 g5 16. Be3 Ne5 17. Nf3 Ng6 18. d4 cxd4 19. Nxd4 c5 20. Nf5 Rad8 21. Rad1
Qb7 22. Nxg7 Kxg7 23. Rxd8 Rxd8 24. Rxf6 g4 25. Rxe6 1-0

[Event "Cracovia 2009"]
[Site "Krakow"]
[Date "2009.12.28"]
[Round "2.22"]
[White "Sadzikowski, Daniel"]
[Black "Wandzik, Wojciech"]
[Result "1-0"]
[WhiteElo "2287"]
[BlackElo "2092"]
[PlyCount "47"]
[EventDate "2009.??.??"]

1. e4 d5 2. exd5 Qxd5 3. Nc3 Qa5 4. d4 Nf6 5. Nf3 c6 6. Bc4 Bf5 7. Ne5 e6 8. g4
Bg6 9. h4 Nbd7 10. Nxd7 Nxd7 11. h5 Be4 12. Rh3 Bg2 13. Re3 O-O-O 14. f3 e5 15.
Kf2 exd4 16. Qxd4 Nb6 17. Qe4 Nxc4 18. Qxc4 Bc5 19. Kxg2 Bxe3 20. Bxe3 Rhe8 21.
Re1 f5 22. b4 Qc7 23. Bf4 Qd7 24. Nb5 1-0

[Event "Cracovia 2009"]
[Site "Krakow"]
[Date "2009.12.28"]
[Round "2.23"]
[White "Shilov, Sergej"]
[Black "Duda, Jan-Krzysztof"]
[Result "0-1"]
[WhiteElo "2267"]
[BlackElo "2079"]
[PlyCount "78"]
[EventDate "2009.??.??"]

1. b4 c6 2. Bb2 Qb6 3. a3 a5 4. c4 Na6 5. c5 Nxc5 6. bxc5 Qxb2 7. Nc3 a4 8. e3
Qb3 9. Qc1 e5 10. Nf3 d6 11. d4 Qe6 12. d5 cxd5 13. Bb5+ Bd7 14. Bxd7+ Qxd7 15.
Nxd5 Ra5 16. O-O Rxc5 17. Qd1 b5 18. e4 Ne7 19. Nb4 Nc6 20. Qd2 Be7 21. Rac1
Nxb4 22. axb4 Rxc1 23. Rxc1 Qb7 24. Qd3 O-O 25. g3 g6 26. h4 Rd8 27. Qe2 Ra8
28. Qd3 a3 29. Ra1 Qc6 30. Nd2 Ra4 31. Kg2 a2 32. Qb3 Qa8 33. f3 Ra3 34. Qc2
Bd8 35. h5 Kg7 36. f4 Bb6 37. Nf3 f5 38. Qb2 Rxf3 39. Rxa2 Qxe4 0-1

[Event "Cracovia 2009"]
[Site "Krakow"]
[Date "2009.12.28"]
[Round "2.24"]
[White "Strzemiecki, Zbigniew"]
[Black "Iwanow, Anna"]
[Result "1-0"]
[WhiteElo "2333"]
[BlackElo "2026"]
[PlyCount "93"]
[EventDate "2009.??.??"]

1. d4 Nf6 2. c4 g6 3. Nc3 Bg7 4. e4 d6 5. Be2 O-O 6. Bg5 Nbd7 7. Qd2 c5 8. d5
a6 9. f3 Qc7 10. Bh6 e6 11. a4 exd5 12. Bxg7 Kxg7 13. cxd5 Rb8 14. g4 c4 15.
Qd4 Ne5 16. h3 Kg8 17. f4 Ned7 18. Bxc4 Re8 19. Nf3 Qc5 20. O-O-O b5 21. Qxc5
Nxc5 22. axb5 Ncxe4 23. Nxe4 Rxe4 24. Nd2 Rd4 25. bxa6 Nxd5 26. Bxd5 Rxd5 27.
Ne4 Ra5 28. Nxd6 Bxa6 29. Rhe1 Kf8 30. Kb1 Ra3 31. h4 Rab3 32. Rd2 Bd3+ 33. Ka2
Ba6 34. Re8+ Rxe8 35. Kxb3 Re3+ 36. Kb4 Rg3 37. Ka5 Bf1 38. g5 Rg4 39. f5 gxf5
40. Nxf5 Ke8 41. Ne3 Rf4 42. Nxf1 Rf5+ 43. Kb6 Rxf1 44. Rd4 Ke7 45. b4 f6 46.
gxf6+ Rxf6+ 47. Kc7 1-0

[Event "Cracovia 2009"]
[Site "Krakow"]
[Date "2009.12.28"]
[Round "2.25"]
[White "Kumor, Lukasz"]
[Black "De Wachter, Matthias"]
[Result "1-0"]
[WhiteElo "2104"]
[BlackElo "2291"]
[PlyCount "73"]
[EventDate "2009.??.??"]

1. e4 c5 2. Nf3 e6 3. d4 cxd4 4. Nxd4 a6 5. Nc3 d6 6. Be3 b5 7. a3 Bb7 8. Qd2
Nf6 9. f3 Nbd7 10. g4 Nb6 11. g5 Nfd7 12. f4 Rc8 13. O-O-O Nc5 14. Qg2 d5 15.
f5 Nba4 16. Nxa4 bxa4 17. fxe6 fxe6 18. Be2 e5 19. Nf5 d4 20. Bf3 Qc7 21. Bg1
g6 22. Ng3 Be7 23. h4 O-O 24. Rh2 d3 25. c3 Nb3+ 26. Kb1 d2 27. Bg4 Qd6 28. Qe2
Rcd8 29. Kc2 Rf4 30. Qc4+ Kh8 31. Be6 Rxe4 32. Nxe4 Qxe6 33. Qxa4 Qf5 34. Kxb3
Bxe4 35. Rdxd2 Rb8+ 36. Ka2 Qf1 37. Qxe4 1-0

[Event "Cracovia 2009"]
[Site "Krakow"]
[Date "2009.12.28"]
[Round "2.26"]
[White "Rudnicki, Milosz"]
[Black "Malec, Sebastian"]
[Result "1-0"]
[WhiteElo "2221"]
[BlackElo "2100"]
[PlyCount "87"]
[EventDate "2009.??.??"]

1. e4 c5 2. Nf3 d6 3. d4 cxd4 4. Nxd4 Nf6 5. Nc3 Nc6 6. f3 e5 7. Nb3 Be7 8. Be3
a5 9. Bb5 O-O 10. Nd5 Nxd5 11. exd5 Na7 12. Bd3 a4 13. Nd2 Bg5 14. Bf2 Qa5 15.
c3 b5 16. h4 Bh6 17. g4 Bf4 18. Qc2 h6 19. Ne4 Bb7 20. g5 Bxd5 21. Nxd6 Bxf3
22. O-O Qc7 23. Be4 Bxe4 24. Nxe4 f5 25. gxf6 gxf6 26. Nc5 Kh8 27. Qf5 Rg8+ 28.
Kh1 Qc6+ 29. Ne4 Qc8 30. Qxc8 Nxc8 31. Nxf6 Rg6 32. Nd5 Rg4 33. Nf6 Rg6 34. Nd5
Rg4 35. Rad1 Kg7 36. Rg1 h5 37. Rxg4+ hxg4 38. Nxf4 exf4 39. Rd4 Ra6 40. Rxf4
Rg6 41. Bd4+ Kg8 42. Bc5 Kh7 43. Rf7+ Kg8 44. Rf8+ 1-0

[Event "Cracovia 2009"]
[Site "Krakow"]
[Date "2009.12.28"]
[Round "2.27"]
[White "Zysko, Jan"]
[Black "Czyz, Artur"]
[Result "1/2-1/2"]
[WhiteElo "2205"]
[BlackElo "2070"]
[PlyCount "144"]
[EventDate "2009.??.??"]

1. e4 e5 2. Nf3 Nc6 3. Bb5 a6 4. Ba4 Nf6 5. O-O Be7 6. Qe2 b5 7. Bb3 d6 8. c3
O-O 9. Rd1 Na5 10. Bc2 c5 11. d4 Qc7 12. dxe5 dxe5 13. Nbd2 Bb7 14. Nf1 Rfd8
15. Bg5 Nc4 16. Bd3 Nb6 17. Ng3 c4 18. Bc2 g6 19. h3 Nbd7 20. Nh2 Nc5 21. Ng4
Nxg4 22. Qxg4 Bxg5 23. Qxg5 Ne6 24. Qf6 Rxd1+ 25. Rxd1 Rd8 26. Rxd8+ Nxd8 27.
Nf1 Nc6 28. Ne3 Qe7 29. Qf3 Nd8 30. Qd1 Kg7 31. Qd2 h5 32. b3 cxb3 33. axb3 Ne6
34. Nd5 Bxd5 35. exd5 Qd6 36. b4 Nc7 37. Bb3 Ne8 38. Qe3 Nf6 39. Kf1 Nd7 40. g4
hxg4 41. hxg4 Nf6 42. g5 Nh5 43. Qc5 Qd7 44. d6 Qf5 45. Ke1 Nf4 46. Bc2 Qxg5
47. d7 Ne6 48. Qd6 Qc1+ 49. Qd1 Qxd1+ 50. Kxd1 Kf8 51. Be4 Nd8 52. Bd3 Ke7 53.
c4 Nc6 54. cxb5 axb5 55. Bxb5 Nxb4 56. Kd2 f6 57. Ke3 Nd5+ 58. Kd3 Nb6 59.
d8=Q+ Kxd8 60. Ke4 Ke7 61. f4 exf4 62. Kxf4 Nd5+ 63. Kg4 Ke6 64. Be8 Ne7 65.
Kf4 g5+ 66. Kg4 Ke5 67. Bf7 Nd5 68. Bg6 Ne3+ 69. Kf3 Kd4 70. Bh7 Nc4 71. Kg4
Ne3+ 72. Kf3 Nc2 1/2-1/2

[Event "Cracovia 2009"]
[Site "Krakow"]
[Date "2009.12.28"]
[Round "2.29"]
[White "Llaneza Vega, Victor"]
[Black "Veltkamp, Gerben"]
[Result "0-1"]
[WhiteElo "2045"]
[BlackElo "2166"]
[PlyCount "102"]
[EventDate "2009.??.??"]

1. e4 e5 2. Nf3 Nc6 3. Bb5 f5 4. Nc3 Nf6 5. exf5 Nd4 6. Nxe5 c6 7. Be2 Qe7 8.
Nd3 d5 9. O-O Bxf5 10. Re1 O-O-O 11. b3 Qc7 12. Bb2 Bd6 13. h3 Rhe8 14. Na4 Ne6
15. Bxf6 gxf6 16. Bg4 Be4 17. Bxe6+ Rxe6 18. f3 Bf5 19. g4 Rxe1+ 20. Qxe1 Bg6
21. Qe6+ Kb8 22. Re1 b6 23. Qe2 Bg3 24. Rf1 Re8 25. Qg2 Bh4 26. Nc3 Re6 27. Qh2
Bg3 28. Qg2 Bd6 29. Re1 Rxe1+ 30. Nxe1 Bc5+ 31. Kf1 Qf4 32. Nd3 Bxd3+ 33. cxd3
Qd4 34. Qg3+ Kb7 35. Ke2 Bb4 36. Qh4 Qe5+ 37. Kd1 Qe7 38. Qh6 Bc5 39. Ne2 Bf2
40. f4 a5 41. f5 Ka6 42. g5 Qa3 43. Qxf6 Qxa2 44. Qc3 a4 45. bxa4 Qxa4+ 46. Kc1
Bc5 47. f6 Qh4 48. d4 Qe1+ 49. Kc2 Bf8 50. Qe3 b5 51. Nf4 Bd6 0-1

[Event "Cracovia 2009"]
[Site "Krakow"]
[Date "2009.12.28"]
[Round "2.30"]
[White "Kireev, Andrey"]
[Black "Staroszczyk, Mateusz"]
[Result "1-0"]
[WhiteElo "2163"]
[BlackElo "2044"]
[PlyCount "89"]
[EventDate "2009.??.??"]

1. e4 c5 2. Nc3 e6 3. f4 Nc6 4. Nf3 a6 5. d3 d6 6. Be3 g6 7. Qd2 Bg7 8. d4 cxd4
9. Nxd4 Nxd4 10. Bxd4 Nf6 11. O-O-O O-O 12. Bxf6 Qxf6 13. Qxd6 b5 14. Qc7 b4
15. Na4 e5 16. f5 gxf5 17. Nb6 fxe4 18. Nxa8 Bg4 19. Rd6 Qg5+ 20. Kb1 Rxa8 21.
Bc4 Rf8 22. h4 Qh5 23. Rd8 e3 24. Rxf8+ Bxf8 25. Rf1 e2 26. Bxf7+ Kh8 27. Re1
Qf5 28. Bc4 h5 29. Qa7 e4 30. Qe3 Bg7 31. Bxe2 Qf6 32. c3 bxc3 33. Bxg4 c2+ 34.
Kxc2 Qxb2+ 35. Kd1 Qb1+ 36. Qc1 Qd3+ 37. Qd2 Qb1+ 38. Ke2 Qb5+ 39. Kf2 Qc5+ 40.
Kf1 hxg4 41. Rxe4 Qb5+ 42. Qe2 Qf5+ 43. Kg1 g3 44. Re8+ Kh7 45. Qe4 1-0

[Event "Cracovia 2009"]
[Site "Krakow"]
[Date "2009.12.28"]
[Round "2.31"]
[White "Korosciel, Aneta"]
[Black "Sliwerski, Radoslaw"]
[Result "1/2-1/2"]
[WhiteElo "2030"]
[BlackElo "2157"]
[PlyCount "68"]
[EventDate "2009.??.??"]

1. e4 c5 2. Nf3 d6 3. Bb5+ Bd7 4. Bxd7+ Qxd7 5. c4 Nc6 6. Nc3 g6 7. d4 cxd4 8.
Nxd4 Bg7 9. Be3 Nf6 10. f3 O-O 11. O-O a6 12. a4 Ne5 13. b3 e6 14. Nde2 Rfd8
15. Bb6 Rdc8 16. Qd2 Qe7 17. Rfd1 Rc6 18. Be3 Qf8 19. Na2 Rd8 20. Nb4 Rcc8 21.
Rac1 Ned7 22. Bf4 Nc5 23. Rb1 d5 24. exd5 a5 25. Nc2 exd5 26. Qxa5 dxc4 27.
Rxd8 Rxd8 28. bxc4 Ra8 29. Qc7 Rxa4 30. Nb4 Rxb4 31. Rxb4 Na6 32. Bd6 Qe8 33.
Qe7 Nxb4 34. Qxe8+ Nxe8 1/2-1/2

[Event "Cracovia 2009"]
[Site "Krakow"]
[Date "2009.12.28"]
[Round "2.33"]
[White "Wiewiora, Eneasz"]
[Black "Andrenko, Irina"]
[Result "1/2-1/2"]
[WhiteElo "2023"]
[BlackElo "2154"]
[PlyCount "119"]
[EventDate "2009.??.??"]

1. d4 c5 2. d5 Nf6 3. c4 e5 4. Nc3 d6 5. e4 g6 6. g3 Bg7 7. Bg2 O-O 8. Nf3 Na6
9. O-O Nc7 10. Qc2 a6 11. a4 b6 12. Nd2 Nh5 13. Ne2 f5 14. f4 exf4 15. Nxf4
Nxf4 16. Rxf4 g5 17. Rf1 f4 18. Ra3 Bd7 19. Kh1 Qe7 20. gxf4 gxf4 21. Bh3 Rae8
22. Bxd7 Qxd7 23. Raf3 Be5 24. R3f2 Kh8 25. Nf3 Qh3 26. b3 Qh6 27. Nxe5 dxe5
28. Bb2 Kg8 29. Qc3 Re7 30. Rg2+ Kf7 31. Qf3 Ne8 32. Rfg1 Nf6 33. Rg5 Rg8 34.
Rxg8 Nxg8 35. Qg4 Qg6 36. Qxg6+ hxg6 37. Rg5 Nf6 38. Rxe5 Nxe4 39. Rxe7+ Kxe7
40. Be5 g5 41. Kg2 Nd2 42. h3 Nxb3 43. Bc7 Nd2 44. Bxb6 Kd6 45. Bd8 Nxc4 46.
Bxg5 Kxd5 47. h4 Ke4 48. h5 Ne5 49. h6 Kf5 50. h7 Nf7 51. Bh6 Kg6 52. Bxf4 Kxh7
53. Kf3 Kg6 54. Ke4 Nd8 55. Kd5 Kf7 56. Bd6 Ne6 57. a5 Nd8 58. Bxc5 Nb7 59. Bb6
Nxa5 60. Bxa5 1/2-1/2

[Event "Cracovia 2009"]
[Site "Krakow"]
[Date "2009.12.28"]
[Round "2.34"]
[White "Andrzejewska, Anna"]
[Black "Luca, Ionel"]
[Result "1/2-1/2"]
[WhiteElo "2007"]
[BlackElo "2153"]
[PlyCount "53"]
[EventDate "2009.??.??"]

1. e4 d5 2. exd5 c6 3. dxc6 e5 4. Nc3 Nf6 5. d3 Nxc6 6. Nf3 Bc5 7. Be2 O-O 8.
O-O h6 9. Ne4 Nxe4 10. dxe4 Qb6 11. c3 a5 12. Qb3 Qc7 13. a4 Be6 14. Bc4 Rae8
15. Bxe6 Rxe6 16. Be3 Bxe3 17. fxe3 Ne7 18. Qb5 Rd8 19. Rad1 Rxd1 20. Rxd1 Nc6
21. Rd5 Qe7 22. Qd3 Qf6 23. Nd2 b6 24. Nc4 Ne7 25. Rd8+ Kh7 26. Rd6 Rxd6 27.
Qxd6 1/2-1/2

[Event "Cracovia 2009"]
[Site "Krakow"]
[Date "2009.12.28"]
[Round "2.35"]
[White "Gluszko, Monika"]
[Black "Bakalarz, Leszek"]
[Result "0-1"]
[WhiteElo "1983"]
[BlackElo "2137"]
[PlyCount "120"]
[EventDate "2009.??.??"]

1. e4 c5 2. Nf3 d6 3. d4 cxd4 4. Qxd4 a6 5. c4 Nc6 6. Qe3 g6 7. Be2 Bg7 8. O-O
Nf6 9. h3 O-O 10. Bd2 Bd7 11. Nc3 Rb8 12. Rac1 Ne8 13. Rfd1 b5 14. cxb5 axb5
15. Nxb5 Bxb2 16. Rb1 Bg7 17. Rdc1 Nc7 18. a4 Ne6 19. Bc3 Bxc3 20. Rxc3 Qa5 21.
Ra3 Rfc8 22. Nd2 Ncd4 23. Nc4 Nxe2+ 24. Qxe2 Qa6 25. Ne3 Bxb5 26. Rxb5 Nd4 27.
Qb2 Nxb5 28. axb5 Qxb5 29. Qxb5 Rxb5 30. Nd5 Rb7 31. Ra6 Kg7 32. Kh2 h5 33. Kg3
Rc4 34. f3 Rc2 35. h4 Re2 36. Rc6 e5 37. Rc3 f5 38. exf5 gxf5 39. f4 e4 40. Ne3
Kg6 41. Kh2 Rbb2 42. Kh1 Rbd2 43. Nc4 Rd3 44. Rc1 Kf6 45. Ra1 Rc2 46. Nb6 Rf2
47. Ra5 Ke6 48. Ra8 Rxf4 49. Re8+ Kf7 50. Rh8 Rd1+ 51. Kh2 Rxh4+ 52. Kg3 Rg4+
53. Kf2 Rd2+ 54. Ke3 Rd3+ 55. Kf2 f4 56. Rxh5 Rd2+ 57. Ke1 e3 58. Nc4 Rd4 59.
Na3 Rxg2 60. Kf1 Ra2 0-1

[Event "Cracovia 2009"]
[Site "Krakow"]
[Date "2009.12.28"]
[Round "2.37"]
[White "Jussupow, Alexander"]
[Black "Grabowski, Adam"]
[Result "1/2-1/2"]
[WhiteElo "2110"]
[BlackElo "1924"]
[PlyCount "180"]
[EventDate "2009.??.??"]

1. d4 Nf6 2. Nf3 c5 3. e3 g6 4. Bd3 Bg7 5. O-O cxd4 6. exd4 O-O 7. c3 d5 8. h3
Nc6 9. Bf4 Re8 10. Re1 Qa5 11. Nbd2 b5 12. Ne5 Qb6 13. Ndf3 Nd7 14. Qb3 Ndxe5
15. Nxe5 Bxe5 16. dxe5 Be6 17. Qxb5 Rab8 18. Qa4 Rec8 19. b3 Rc7 20. Rac1 Rd8
21. Be3 Qa5 22. Qxa5 Nxa5 23. f4 Nb7 24. b4 Ra8 25. Ba6 Nd8 26. g4 Nc6 27. Bd3
Rac8 28. Bc5 d4 29. c4 a5 30. a3 Rb8 31. b5 Nd8 32. Bxd4 Rd7 33. Re4 Bf5 34.
gxf5 gxf5 35. Re3 Rxd4 36. Rg3+ Kf8 37. Bxf5 Rxf4 38. Bxh7 e6 39. c5 Rxb5 40.
c6 Nxc6 41. Rxc6 Rxe5 42. Rc1 f5 43. Bg6 Ke7 44. Bh5 Rb5 45. Be2 Rb2 46. Bc4
Kf6 47. Bb3 a4 48. Bc4 e5 49. Bg8 e4 50. Rc6+ Ke5 51. Re6+ Kd4 52. Rd6+ Ke5 53.
Rd5+ Kf6 54. Rd1 Rff2 55. h4 Ke5 56. h5 Kf4 57. Rg6 Kf3 58. Bd5 Rg2+ 59. Rxg2
Rxg2+ 60. Kh1 Rg4 61. Rf1+ Ke2 62. Bc4+ Ke3 63. Bf7 f4 64. Rg1 Rxg1+ 65. Kxg1
Kd2 66. Bc4 e3 67. h6 e2 68. Bxe2 Kxe2 69. h7 f3 70. h8=Q f2+ 71. Kh2 f1=Q 72.
Qb2+ Ke3 73. Qe5+ Kf2 74. Qf4+ Ke2 75. Qxa4 Qf2+ 76. Kh3 Qf3+ 77. Kh4 Qf6+ 78.
Kg4 Qe6+ 79. Kf4 Qe3+ 80. Kf5 Qc5+ 81. Ke4 Qe7+ 82. Kd5 Qf7+ 83. Kc5 Qe7+ 84.
Kc4 Qe6+ 85. Kc3 Qe3+ 86. Kb2 Qe5+ 87. Kb1 Kd3 88. Qc2+ Kd4 89. a4 Qb8+ 90. Ka1
Qb4 1/2-1/2

[Event "Cracovia 2009"]
[Site "Krakow"]
[Date "2009.12.29"]
[Round "3.1"]
[White "Zubov, Alexander"]
[Black "Kaim, Piotr"]
[Result "1-0"]
[WhiteElo "2581"]
[BlackElo "2284"]
[PlyCount "51"]
[EventDate "2009.??.??"]

1. d4 Nf6 2. c4 c5 3. d5 b5 4. cxb5 a6 5. bxa6 g6 6. Nc3 Bxa6 7. Nf3 d6 8. Nd2
Bg7 9. e4 Bxf1 10. Nxf1 O-O 11. Ne3 Qa5 12. O-O Nbd7 13. Bd2 Qa6 14. b3 Ne5 15.
Qc2 Nfd7 16. a4 c4 17. b4 Nd3 18. b5 Qc8 19. a5 f5 20. exf5 gxf5 21. Ra4 N7e5
22. f4 Ng4 23. h3 Bd4 24. hxg4 fxg4 25. Ne2 Bxe3+ 26. Bxe3 1-0

[Event "Cracovia 2009"]
[Site "Krakow"]
[Date "2009.12.29"]
[Round "3.2"]
[White "Fraczek, Daniel"]
[Black "Dziuba, Marcin"]
[Result "1/2-1/2"]
[WhiteElo "2371"]
[BlackElo "2573"]
[PlyCount "46"]
[EventDate "2009.??.??"]

1. d4 d5 2. Nf3 Nf6 3. c4 c6 4. e3 e6 5. Nc3 Nbd7 6. Qc2 b6 7. Bd3 Bb7 8. O-O
dxc4 9. Bxc4 c5 10. Rd1 cxd4 11. exd4 Rc8 12. Qe2 Bxf3 13. gxf3 Bd6 14. Ba6
Rxc3 15. bxc3 Nd5 16. Qf1 Nxc3 17. Re1 O-O 18. Qh3 Qf6 19. Be3 Nd5 20. Bc4 Ne7
21. Bd3 Ng6 22. Kh1 Rb8 23. d5 Ndf8 1/2-1/2

[Event "Cracovia 2009"]
[Site "Krakow"]
[Date "2009.12.29"]
[Round "3.3"]
[White "Panocki, Adrian"]
[Black "Sharapov, Evgeny"]
[Result "0-1"]
[WhiteElo "2353"]
[BlackElo "2521"]
[PlyCount "68"]
[EventDate "2009.??.??"]

1. e4 c5 2. Nf3 d6 3. Bb5+ Bd7 4. Bxd7+ Qxd7 5. O-O Nc6 6. c3 Nf6 7. Re1 e6 8.
d4 cxd4 9. cxd4 d5 10. e5 Ne4 11. Nbd2 Nxd2 12. Bxd2 Be7 13. Bg5 Bxg5 14. Nxg5
h6 15. Nf3 O-O 16. Rc1 Rfc8 17. Re3 Ne7 18. Rec3 Rxc3 19. Rxc3 Rc8 20. Qc2 Rxc3
21. Qxc3 Qa4 22. h3 Qxa2 23. Qc7 Qb1+ 24. Kh2 Nf5 25. Qb8+ Kh7 26. Qxb7 Qf1 27.
Qxa7 Qxf2 28. Qa1 Nxd4 29. Nxd4 Qxd4 30. Qb1+ g6 31. b4 Qxe5+ 32. Kh1 d4 33. b5
Qe2 34. b6 d3 0-1

[Event "Cracovia 2009"]
[Site "Krakow"]
[Date "2009.12.29"]
[Round "3.4"]
[White "Krzyzanowski, Marcin"]
[Black "Shishkin, Vadim"]
[Result "1/2-1/2"]
[WhiteElo "2333"]
[BlackElo "2507"]
[PlyCount "100"]
[EventDate "2009.??.??"]

1. e4 c5 2. c3 d5 3. exd5 Qxd5 4. d4 Nf6 5. Nf3 Bg4 6. Be2 e6 7. O-O Nc6 8. Be3
cxd4 9. Nxd4 Bxe2 10. Qxe2 Be7 11. Rd1 O-O 12. c4 Nxd4 13. Bxd4 Qe4 14. Nc3
Qxe2 15. Nxe2 Rfd8 16. Nc3 Kf8 17. Kf1 a6 18. a4 Ke8 19. Ke2 Rd7 20. Rd3 Rc8
21. Rad1 Nh5 22. Be3 Rxd3 23. Kxd3 f5 24. Re1 Kf7 25. g3 Nf6 26. f3 h6 27. b3
g5 28. Kc2 g4 29. f4 h5 30. Rd1 Rc7 31. Bd4 Nd7 32. a5 Ke8 33. Na4 h4 34. h3
gxh3 35. gxh4 Bxh4 36. Rh1 Bg3 37. Rxh3 Bxf4 38. Rh8+ Ke7 39. Bb6 Nxb6 40. axb6
Rd7 41. Nc5 Rd2+ 42. Kc3 Kd6 43. Nxb7+ Kc6 44. Nd8+ Kxb6 45. Nxe6 Be5+ 46. Kxd2
Bxh8 47. Kd3 a5 48. Nd4 Bxd4 49. Kxd4 Kc6 50. Ke5 Kc5 1/2-1/2

[Event "Cracovia 2009"]
[Site "Krakow"]
[Date "2009.12.29"]
[Round "3.5"]
[White "Warakomski, Tomasz"]
[Black "Skawinski, Arkadiusz"]
[Result "1-0"]
[WhiteElo "2485"]
[BlackElo "2206"]
[PlyCount "45"]
[EventDate "2009.??.??"]

1. g3 d5 2. Bg2 Nf6 3. d3 c6 4. Nd2 Bg4 5. f4 e6 6. h3 Bh5 7. g4 Bg6 8. e4 Bc5
9. Qe2 Qc7 10. f5 exf5 11. exf5+ Kd8 12. Kd1 Bxf5 13. gxf5 Re8 14. Qf1 Nh5 15.
Ne2 Nd7 16. Nb3 Bd6 17. Bf3 Nhf6 18. Qg2 Bf8 19. Bf4 Qb6 20. Qg1 Qb4 21. c3 Qa4
22. Qd4 Qa6 23. c4 1-0

[Event "Cracovia 2009"]
[Site "Krakow"]
[Date "2009.12.29"]
[Round "3.6"]
[White "Vlcek, Stanislav"]
[Black "Czarnota, Pawel"]
[Result "0-1"]
[WhiteElo "2286"]
[BlackElo "2528"]
[PlyCount "74"]
[EventDate "2009.??.??"]

1. c4 c6 2. Nf3 d5 3. g3 Nf6 4. Bg2 e6 5. Qc2 Bd6 6. b3 e5 7. d3 Bg4 8. Nbd2
O-O 9. h3 Bxf3 10. Bxf3 Nbd7 11. g4 d4 12. a3 a5 13. g5 Ne8 14. Ne4 Nc5 15.
Nxc5 Bxc5 16. Rb1 Be7 17. Rg1 Nd6 18. Rg4 Qd7 19. Bd2 Kh8 20. Kd1 f5 21. gxf6
gxf6 22. Kc1 f5 23. Rg2 Qe6 24. c5 Nb5 25. Kb2 Bf6 26. Qc4 Nc7 27. Kc2 Qe7 28.
Rbg1 e4 29. Bh5 Nd5 30. Bh6 Rg8 31. h4 Rxg2 32. Rxg2 Rg8 33. Bg5 h6 34. Bxf6+
Qxf6 35. Rxg8+ Kxg8 36. dxe4 fxe4 37. Bg4 Kf8 0-1

[Event "Cracovia 2009"]
[Site "Krakow"]
[Date "2009.12.29"]
[Round "3.7"]
[White "Cyborowski, Lukasz"]
[Black "Jussupow, Ekaterina"]
[Result "1-0"]
[WhiteElo "2517"]
[BlackElo "2153"]
[PlyCount "77"]
[EventDate "2009.??.??"]

1. d4 d5 2. c4 e6 3. Nc3 Nf6 4. Bf4 Be7 5. Nf3 O-O 6. e3 Nbd7 7. c5 c6 8. Bd3
b6 9. b4 a5 10. a3 Ba6 11. O-O Bxd3 12. Qxd3 Nh5 13. Be5 f6 14. Bf4 bxc5 15.
bxc5 e5 16. Qf5 Nxf4 17. exf4 e4 18. Nd2 Kh8 19. Qe6 Rc8 20. Rab1 Re8 21. Rb7
Rc7 22. Rxc7 Qxc7 23. Qf7 Qc8 24. Rb1 Bf8 25. Qh5 g6 26. Qd1 Qc7 27. f5 Bh6 28.
Nf1 Rg8 29. Qg4 Nf8 30. Ne3 Bg5 31. Ne2 Nd7 32. h4 Bh6 33. fxg6 Rxg6 34. Qf5 a4
35. Ng4 Bd2 36. Rb2 Ba5 37. Nf4 Rxg4 38. Qxg4 Bc3 39. Ne6 1-0

[Event "Cracovia 2009"]
[Site "Krakow"]
[Date "2009.12.29"]
[Round "3.8"]
[White "Toma, Katarzyna"]
[Black "Brodowski, Piotr"]
[Result "1/2-1/2"]
[WhiteElo "2233"]
[BlackElo "2425"]
[PlyCount "30"]
[EventDate "2009.??.??"]

1. e4 c5 2. Nf3 Nc6 3. d4 cxd4 4. Nxd4 Nf6 5. Nc3 e5 6. Ndb5 d6 7. Bg5 a6 8.
Na3 b5 9. Nd5 Be7 10. Bxf6 Bxf6 11. c4 b4 12. Nc2 a5 13. Qf3 Be6 14. Rd1 Bxd5
15. Rxd5 Qc7 1/2-1/2

[Event "Cracovia 2009"]
[Site "Krakow"]
[Date "2009.12.29"]
[Round "3.9"]
[White "Jerez Perez, Alfonso"]
[Black "Baumann, Dariusz"]
[Result "1/2-1/2"]
[WhiteElo "2406"]
[BlackElo "2085"]
[PlyCount "53"]
[EventDate "2009.??.??"]

1. e4 e5 2. Nf3 Nf6 3. Nc3 Nc6 4. d4 exd4 5. Nxd4 Bb4 6. Nxc6 bxc6 7. Bd3 d5 8.
exd5 cxd5 9. O-O O-O 10. Bg5 c6 11. Qf3 Be7 12. Rae1 Re8 13. h3 h6 14. Bf4 Be6
15. Ne2 Bd6 16. Nd4 Bxf4 17. Qxf4 Qd7 18. b3 Rad8 19. Re3 Qd6 20. Qh4 Bd7 21.
Rfe1 Rxe3 22. Rxe3 Re8 23. Rxe8+ Bxe8 24. a4 Bd7 25. Nf3 c5 26. c3 a5 27. Qg3
1/2-1/2

[Event "Cracovia 2009"]
[Site "Krakow"]
[Date "2009.12.29"]
[Round "3.10"]
[White "Wcislo, Damian"]
[Black "Rutkowski, Maciej"]
[Result "0-1"]
[WhiteElo "2220"]
[BlackElo "2405"]
[PlyCount "100"]
[EventDate "2009.??.??"]

1. b3 Nf6 2. Bb2 e6 3. e3 d5 4. Nf3 Be7 5. Be2 O-O 6. O-O c5 7. d4 Nc6 8. Nbd2
b6 9. Ne5 Bb7 10. f4 Ne8 11. a3 f6 12. Nxc6 Bxc6 13. f5 exf5 14. Rxf5 g6 15.
Rf1 Ng7 16. Bd3 Qd7 17. c4 f5 18. cxd5 Bxd5 19. Nc4 Bf6 20. dxc5 Bxb2 21. Nxb2
Qe7 22. cxb6 Qxe3+ 23. Rf2 Qxb6 24. Bc4 Bf7 25. Bxf7+ Rxf7 26. Na4 Qf6 27. Rc1
Rd8 28. Rd2 Rff8 29. Rd7 Ne6 30. b4 Qg5 31. Rcc7 Qe3+ 32. Kh1 Rxd7 33. Rxd7 Rc8
34. Nc5 Nxc5 35. bxc5 Rxc5 36. Rd8+ Kg7 37. Qa1+ Kh6 38. Rd1 Qc3 39. Qa2 Qc2
40. Qa1 Qc3 41. Qa2 Rc4 42. a4 Re4 43. h3 a5 44. Kh2 Qe5+ 45. Kh1 Re2 46. Qa3
Rxg2 47. Kxg2 Qe2+ 48. Kg3 Qxd1 49. Qe3+ Kh5 50. Qf4 Qg1+ 0-1

[Event "Cracovia 2009"]
[Site "Krakow"]
[Date "2009.12.29"]
[Round "3.11"]
[White "Barski, Radoslaw"]
[Black "Khaetsky, Roman"]
[Result "0-1"]
[WhiteElo "2206"]
[BlackElo "2375"]
[PlyCount "66"]
[EventDate "2009.??.??"]

1. c4 f5 2. d4 Nf6 3. Nc3 d6 4. Nf3 g6 5. g3 Bg7 6. Bg2 O-O 7. O-O Qe8 8. d5 a5
9. Rb1 Bd7 10. Nd4 Na6 11. b3 h6 12. a3 g5 13. b4 axb4 14. axb4 Ng4 15. e3 Qg6
16. f4 Rac8 17. h3 Nf6 18. Qd3 gxf4 19. g4 Qf7 20. gxf5 Nh5 21. exf4 c5 22.
dxc6 bxc6 23. Re1 Kh8 24. Ba3 Nxf4 25. Qe3 Nxg2 26. Kxg2 Qxc4 27. Rbd1 Nxb4 28.
Bxb4 Qxb4 29. Rf1 c5 30. Nd5 cxd4 31. Qxe7 Bc6 32. f6 Bxd5+ 33. Kg3 Rf7 0-1